Adobe animate CC classroom in a book / (Record no. 36222)

MARC details
000 -LEADER
fixed length control field 00461nam a22001697a 4500
005 - DATE AND TIME OF LATEST TRANSACTION
control field 20240726091348.0
008 - FIXED-LENGTH DATA ELEMENTS--GENERAL INFORMATION
fixed length control field 240726b |||||||| |||| 00| 0 eng d
020 ## - INTERNATIONAL STANDARD BOOK NUMBER
ISBN 9780135298886
082 ## - DEWEY DECIMAL CLASSIFICATION NUMBER
Classification number 006.696
Item number CHU-A
100 ## - MAIN ENTRY--AUTHOR
Author Name Chun, Russell
245 ## - TITLE STATEMENT
Title Adobe animate CC classroom in a book /
Statement of responsibility, etc. Russell Chun
260 ## - PUBLICATION, DISTRIBUTION, ETC.
Place of Publication USA:
Name of publisher, distributor, etc. wiley;
Date of publication, distribution, etc. 2019.
300 ## - PHYSICAL DESCRIPTION
Pages xiv, 445 p. :
500 ## - GENERAL NOTE
General note include index.
650 ## - SUBJECT ADDED ENTRY--TOPICAL TERM
Subject / Department Graphic design
300 ## - PHYSICAL DESCRIPTION
-- ill;
-- 24 cm.
952 ## - LOCATION AND ITEM INFORMATION (KOHA)
-- 0
-- 0
952 ## - LOCATION AND ITEM INFORMATION (KOHA)
-- 0
-- 0
952 ## - LOCATION AND ITEM INFORMATION (KOHA)
-- 0
-- 0
952 ## - LOCATION AND ITEM INFORMATION (KOHA)
-- 0
-- 0
952 ## - LOCATION AND ITEM INFORMATION (KOHA)
-- 0
-- 0
952 ## - LOCATION AND ITEM INFORMATION (KOHA)
-- 0
-- 0
Holdings
Lost status Damaged status Collection code Permanent Location Current Location Shelving Location Date acquired Full Call Number Accession No./Barcode Date last seen Copy number item type Koha item type
    CS/IT Superior Information Resource Center (SIRC) Superior University- Gold Campus Superior Information Resource Center (SIRC) Superior University- Gold Campus Graphic design 07/26/2024 006.696 CHU-A 2019 18081 07/26/2024 1 BOOK BOOK
    CS/IT Superior Information Resource Center (SIRC) Superior University- Gold Campus Superior Information Resource Center (SIRC) Superior University- Gold Campus Graphic design 07/26/2024 006.696 CHU-A 2019 18082 03/06/2025 2 BOOK BOOK
    CS/IT Superior Information Resource Center (SIRC) Superior University- Gold Campus Superior Information Resource Center (SIRC) Superior University- Gold Campus Graphic design 07/26/2024 006.696 CHU-A 2019 18083 07/26/2024 3 BOOK BOOK
    CS/IT Superior Information Resource Center (SIRC) Superior University- Gold Campus Superior Information Resource Center (SIRC) Superior University- Gold Campus Graphic design 07/26/2024 006.696 CHU-A 2019 18084 07/26/2024 4 BOOK BOOK
    CS/IT Superior Information Resource Center (SIRC) Superior University- Gold Campus Superior Information Resource Center (SIRC) Superior University- Gold Campus Graphic design 07/26/2024 006.696 CHU-A 2019 18085 07/26/2024 5 BOOK BOOK
    CS/IT Superior Information Resource Center (SIRC) Superior University- Gold Campus Superior Information Resource Center (SIRC) Superior University- Gold Campus Graphic design 07/26/2024 006.696 CHU-A 2019 18086 07/26/2024 6 BOOK BOOK

Powered by Koha